| 000 | 00583nam a2200193 i 4500 | ||
|---|---|---|---|
| 001 | 75214 | ||
| 003 | ES-MaACL | ||
| 005 | 20230906172355.0 | ||
| 007 | t| | ||
| 008 | 040923s1908 fr ||||1| fre d | ||
| 100 | 1 |
_aGranger, Albert. _959633 |
|
| 245 | 1 | 0 |
_aPierres et materiause artificiels de construction / _cAlbert Granger. |
| 260 |
_a[S. l. : _bs.n., _c1908] ( _eSaint Amand : _fBussière) |
||
| 300 |
_a312 p. : _bil. ; _c18 cm. |
||
| 490 | 1 | _aEncyclopédie scientifique | |
| 830 | 0 |
_aEncyclopédie scientifique _9180883 |
|
| 852 |
_aES-MaACL _jD-4459 |
||
| 999 |
_c75214 _d75214 |
||